Využívanie obehovej ekonomiky v manažmente organizovaných podujatí v cestovnom ruchu
Obehová ekonomika sa stala kľúčovou témou udržateľného rozvoja, keďže ponúka alternatívu k neudržateľnému lineárnemu modelu "vyrob - použi - zahoď". Jej cieľom je minimalizovať odpad, predlžovať životný cyklus produktov a podporovať obnovu prírodných systémov. V cestovnom ruchu, najmä pri organizova...
Gespeichert in:
| 1. Verfasser: | |
|---|---|
| Weitere Verfasser: | |
| Format: | Buchkapitel |
| Sprache: | Slowakisch |
| Schlagworte: | |
| Tags: |
Keine Tags, Fügen Sie das erste Tag hinzu!
|
MARC
| LEADER | 00000naa a2200000 4500 | ||
|---|---|---|---|
| 001 | 0315494 | ||
| 005 | 20260320093709.0 | ||
| 041 | 0 | |a slo | |
| 044 | |a SK | ||
| 245 | 1 | 0 | |a Využívanie obehovej ekonomiky v manažmente organizovaných podujatí v cestovnom ruchu |c Lenka Baricová, Kristína Pompurová |
| 520 | |a Obehová ekonomika sa stala kľúčovou témou udržateľného rozvoja, keďže ponúka alternatívu k neudržateľnému lineárnemu modelu "vyrob - použi - zahoď". Jej cieľom je minimalizovať odpad, predlžovať životný cyklus produktov a podporovať obnovu prírodných systémov. V cestovnom ruchu, najmä pri organizovaných podujatiach je implementácia týchto princípov výzvou, aj príležitosťou. Podujatia, ako festivaly, veľtrhy, či konferencie majú výraznú ekologickú stopu - od odpadu, až po spotrebu energie. Rastúce enviromentálne povedomie, legislatíva a tlak na udržateľnosť nútia organizátorov prijímať opatrenia na zníženie negatívnych dopadov. | ||
| 610 | 2 | 0 | |a kultúra |
| 610 | 2 | 0 | |a ruch cestovný |
| 610 | 2 | 0 | |a udržateľnosť |
| 610 | 2 | 0 | |a hospodárstvo obehové |
| 610 | 2 | 0 | |a veľtrhy |
| 610 | 2 | 0 | |a konferencie |
| 610 | 2 | 0 | |a odpad |
| 610 | 2 | 0 | |a odpadky |
| 610 | 2 | 0 | |a spotreba energie |
| 100 | 1 | |a Baricová, Lenka | |
| 700 | 1 | |a Pompurová, Kristína | |